000 00905nam a2200217Ii 4500
003 JO-AjNU
008 230605s9999||||xx |||||||||||||| ||und||
017 _a35799
040 _aJO-AjNU
_bara
_erda
_cJO-AjNU
041 _aara
050 1 4 _aBP80.I2684.M3724 1998
100 3 _aالشافعي، بهاء الدين عبد الوهاب بن عبد الرحمن الإخميمي ؛ تحقيق: سعيد عبد اللطيف فودة,
_eauthor
_956343
245 0 0 _aرسالة في الرد على إبن تيمية في مسـألة حوادث لا أول لها
250 _aط1
264 3 1 _aعمان: المحقق، 1998
300 _a128ص
_bالمصادر والمراجع ص 117-124
336 _atext
_btxt
_2rdacontent
337 _aunmediated
_bn
_2rdamedia
338 _avolume
_bnc
_2rdacarrier
650 4 _aعلم الكلام- اراء حول علم الكلام- ابن تيمية
_956344
999 _aA25184
_c28752
_d28752